LEADER 01048nam a2200277 i 4500 001 000000064283 003 CaOOAMICUS 005 20110707000000.0 008 110707s1948 it u000 u ita u 013 $a35455 040 $aSeMil$bita 100 1 $aHuizinga, Johan,$d<1872-1945>.$0(OLS)http://semarc/name/25534 240 14$aDer Mensch und die Kultur.$0(OLS)http://semarc/title/101718 245 12$aL'uomo e la cultura /$cJohan Huizinga. 250 $a2. ed. 260 $aFirenze :$bLa Nuova Italia,$c1948. 300 $aXXIV, 37 p. ;$c20 cm. 490 0 $aOrientamenti ;$v8 500 $aContiene : Nota bibliografica. 650 4$aUomo e cultura.$0(OLS)http://semarc/subject/12556 830 0$aOrientamenti ;$v8.$0(OLS)http://semarc/title/4350 850 $aSeMil 852 $aSeMil$W1$xVenegono$y1$m3U I 542$j30436$B30436$CSeMilBibl$Z2$F30439 $81 961 $aOmaggio: Deposito 996 $6245$aL'uomo e la cultura$9(OLS)http://semarc/title/101717 996 $6260$aFirenze :$bLa Nuova Italia$9(OLS)http://semarc/publisher/30055 LEADER 00837nam a2200205 i 4500 001 000000115249 003 CaOOAMICUS 005 20160115000000.0 008 160115s2015 it u000 u ita u 013 $a87938 040 $aSeMil$bita 245 12$aI Cantieri del Cambiamento 2012 - 2015. 260 $a[Milano] :$bVeneranda Fabbrica del Duomo di Milano,$cstampa 2015. 300 $a112 p. :$bill. ;$c30 cm. 650 4$aMilano - Veneranda Fabbrica del Duomo.$0(OLS)http://semarc/subject/13115 850 $aSeMil 852 $aSeMil$W1$xVenegono$y1$m3O VI 176$j70780$B70780$CSeMilBibl$Z2$F75425 $81 961 $aOmaggio: Delpini mons. Mario 996 $6245$aI Cantieri del Cambiamento 2012 - 2015$9(OLS)http://semarc/title/168741 996 $6260$a[Milano] :$bVeneranda Fabbrica del Duomo di Milano$9(OLS)http://semarc/publisher/36099